पुराणों के झरोखों से / (Record no. 118323)

MARC details
000 -LEADER
fixed length control field 01081nam a22002537a 4500
005 - DATE AND TIME OF LATEST TRANSACTION
control field 20170124103110.0
010 ## - LIBRARY OF CONGRESS CONTROL NUMBER
LC control number A-265206
020 ## - INTERNATIONAL STANDARD BOOK NUMBER
Terms of availability 20.00
035 ## - SYSTEM CONTROL NUMBER
System control number A-265206
037 ## - SOURCE OF ACQUISITION
Source of stock number/acquisition Cen Lib/Ret
040 ## - CATALOGING SOURCE
Original cataloging agency DPL
Language of cataloging HN
082 ## - DEWEY DECIMAL CLASSIFICATION NUMBER
Classification number 230.2204
Item number घनश्या
100 ## - MAIN ENTRY--PERSONAL NAME
Personal name घनश्याम नारायण सिंह
9 (RLIN) 7439
245 ## - TITLE STATEMENT
Title पुराणों के झरोखों से /
Statement of responsibility, etc घनश्याम नारायण सिंह
246 ## - VARYING FORM OF TITLE
Title proper/short title Puranon ke jharokhon se /
Remainder of title by Ghanshyama Narayan Singh
260 ## - PUBLICATION, DISTRIBUTION, ETC. (IMPRINT)
Place of publication, distribution, etc दिल्ली
Name of publisher, distributor, etc भावना प्रकाशन
Date of publication, distribution, etc 1985
270 ## - ADDRESS
City दिल्ली
Postal code 110092
300 ## - PHYSICAL DESCRIPTION
Extent 88पृ.
Dimensions 17सेमी(सजिल्द)
650 ## - SUBJECT ADDED ENTRY--TOPICAL TERM
Topical term or geographic name as entry element हिन्दू धर्म
9 (RLIN) 1413
650 ## - SUBJECT ADDED ENTRY--TOPICAL TERM
Topical term or geographic name as entry element पुराण -- हिन्दू
9 (RLIN) 79505
650 ## - SUBJECT ADDED ENTRY--TOPICAL TERM
Topical term or geographic name as entry element Hindu religion
9 (RLIN) 79506
650 ## - SUBJECT ADDED ENTRY--TOPICAL TERM
Topical term or geographic name as entry element Mythology - Hindu
9 (RLIN) 9466
942 ## - ADDED ENTRY ELEMENTS (KOHA)
Source of classification or shelving scheme Dewey Decimal Classification
Koha item type Hindi Books
Classification part 230.2204
Call number suffix घनश्या
Holdings
Withdrawn status Lost status Damaged status Not for loan Home library Current library Date acquired Source of acquisition Cost, normal purchase price Total Checkouts Full call number Barcode Date last seen Date checked out Copy number Cost, replacement price Price effective from Koha item type
        Central Library Central Library 11/09/2015 Cen Lib/Ret 20.00 2 230.2204 घनश्या A-265206 13/11/2017 30/10/2017 1 20.00 11/09/2015 Hindi Books

© Delhi Public Library
Hit Counter
free hit counter